00467nam a2200133Ia 4500008004100000040002900041050002400070100002500094245003600119260003700155942000700192952011900199999001500318221221s9999 xx 000 0 und d cChuka University Library aGA 105.3bD46 1999  aDent, Borden D92581 0aCartography:Thematic Map design aMcGraw hillbSan Franciscoc1999 cBK 001040708LGLaCHKbCHKcGENd2022-12-21l0oGA 105.3 .D46 1999 p2520/2007r2022-12-21 00:00:00w2022-12-21yBK c3474d3474